Mixed Word: Disney Characters I Quiz Stats

Quiz Updated Mar 22, 2013

Challenge
Share
Tweet
Embed
Score 0/20 Timer 05:00
2 Plays Today
Jumble Disney Characters % Correct
MabbiBambi
96.4%
Urlelca Ed IvlCruella de Vil
81.7%
ObtlBolt
77.4%
Anoddl UkdcDonald Duck
75.7%
Panacti KohoCaptain Hook
71.2%
GoyfoGoofy
71%
SohptcanoaPocahontas
68.7%
Arifr KuctFriar Tuck
65.5%
HumsuMushu
58.5%
MoubdDumbo
56.4%
Jumble Disney Characters % Correct
NildadaAladdin
56.1%
AusrulUrsula
43.7%
Rhiopectshr RinobChristopher Robin
40.8%
ZukocKuzco
35.9%
LarlnedcieCinderella
32.5%
ChipcooinPinocchio
31.9%
FiriakRafiki
29.6%
TogsanGaston
24.7%
EbheagarBagheera
11.5%
Eshcruel Hercules
9.6%

You're not logged in!

Compare scores with friends on all Sporcle quizzes.
Sign Up with Email
OR
Log In

You Might Also Like...

Show Comments

Extras

Top Quizzes Today


Score Distribution

Your Account Isn't Verified!

In order to create a playlist on Sporcle, you need to verify the email address you used during registration. Go to your Sporcle Settings to finish the process.